[Event "POR Circuit rapid"]
[Site "Matosinhos"]
[Date "2016.10.30"]
[Round "6"]
[White "Ferreira, Hugo Miguel da Cost"]
[Black "Sousa, Nuno Miguel Vale"]
[Result "1-0"]
[WhiteElo "1949"]
[BlackElo "1999"]
[PlyCount "45"]
[EventDate "2016.10.30"]
[EventType "tourn (rapid)"]
[EventRounds "7"]
[EventCountry "POR"]
[SourceTitle "EXT 2018"]
[Source "ChessBase"]
[SourceDate "2017.10.13"]
[SourceVersion "1"]
[SourceVersionDate "2017.10.13"]
[SourceQuality "1"]

1. d4 Nf6 2. Bg5 c5 3. e3 Qb6 4. b3 d5 5. Nf3 Nc6 6. Be2 Bg4 7. dxc5 Qxc5 8. 0-0 e5 9. Nbd2 Ne4 10. Nxe4 dxe4 11. Nxe5 Nxe5 12. Bxg4 f6 13. Bf4 Rd8 14. Qe2 Bd6 15. Rad1 Ke7 16. Rd4 g6 17. Rxe4 f5 18. Bxe5 Bxe5 19. Rc4 Qd6 20. f4 fxg4 21. fxe5 Qxe5 22. Qxg4 h5 23. Qxg6 1-0

[Event "POR Circuit rapid"]
[Site "Matosinhos"]
[Date "2016.10.30"]
[Round "4"]
[White "Padeiro, Jose Joao Tato"]
[Black "Sousa, Nuno Miguel Vale"]
[Result "1-0"]
[WhiteElo "2292"]
[BlackElo "1999"]
[PlyCount "35"]
[EventDate "2016.10.30"]
[EventType "tourn (rapid)"]
[EventRounds "7"]
[EventCountry "POR"]
[SourceTitle "EXT 2018"]
[Source "ChessBase"]
[SourceDate "2017.10.13"]
[SourceVersion "1"]
[SourceVersionDate "2017.10.13"]
[SourceQuality "1"]

1. d4 Nf6 2. c4 c5 3. e3 e6 4. Nc3 Be7 5. Nf3 b6 6. d5 exd5 7. cxd5 d6 8. e4 0-0 9. Be2 Bg4 10. Bf4 Nh5 11. Bd2 f5 12. h3 fxe4 13. hxg4 exf3 14. Bxf3 Nf4 15. Qc2 g6 16. Be4 Bg5 17. g3 Nxd5 18. Bxd5+ 1-0

[Event "POR Circuit rapid"]
[Site "Matosinhos"]
[Date "2016.10.30"]
[Round "2"]
[White "Silva, Luis Neves Da"]
[Black "Sousa, Nuno Miguel Vale"]
[Result "1-0"]
[WhiteElo "2305"]
[BlackElo "1999"]
[PlyCount "59"]
[EventDate "2016.10.30"]
[EventType "tourn (rapid)"]
[EventRounds "7"]
[EventCountry "POR"]
[SourceTitle "EXT 2018"]
[Source "ChessBase"]
[SourceDate "2017.10.13"]
[SourceVersion "1"]
[SourceVersionDate "2017.10.13"]
[SourceQuality "1"]

1. Nf3 c5 2. c4 g6 3. Nc3 Bg7 4. e3 d6 5. Be2 f5 6. d4 Nf6 7. dxc5 Qa5 8. cxd6 Ne4 9. 0-0 Bxc3 10. bxc3 exd6 11. Bd3 0-0 12. Nd4 a6 13. Nb3 Qe5 14. Bxe4 fxe4 15. Qd5+ Qxd5 16. cxd5 Nd7 17. Ba3 Rf6 18. Na5 Nc5 19. Rab1 b5 20. Rfd1 Bf5 21. Bxc5 dxc5 22. c4 b4 23. h3 h5 24. Rd2 g5 25. Rbd1 g4 26. h4 g3 27. fxg3 Bg4 28. Rf1 Rxf1+ 29. Kxf1 Kf7 30. Nb7 1-0

[Event "POR Circuit rapid"]
[Site "Matosinhos"]
[Date "2016.10.30"]
[Round "3"]
[White "Sousa, Nuno Miguel Vale"]
[Black "Pintor, Simao Maciel Abranc"]
[Result "1-0"]
[WhiteElo "1999"]
[BlackElo "2028"]
[PlyCount "77"]
[EventDate "2016.10.30"]
[EventType "tourn (rapid)"]
[EventRounds "7"]
[EventCountry "POR"]
[SourceTitle "EXT 2018"]
[Source "ChessBase"]
[SourceDate "2017.10.13"]
[SourceVersion "1"]
[SourceVersionDate "2017.10.13"]
[SourceQuality "1"]

1. e4 c5 2. Nf3 Nc6 3. Bb5 g6 4. 0-0 Bg7 5. Re1 Nf6 6. Nc3 0-0 7. d3 d5 8. exd5 Nb4 9. Bc4 Nbxd5 10. Nxd5 Nxd5 11. Bxd5 Qxd5 12. Rxe7 Be6 13. Bg5 h6 14. Bh4 b6 15. Qe2 g5 16. Bg3 Bxb2 17. c4 Qd8 18. Rxe6 Bxa1 19. Rxh6 Bg7 20. Rd6 Qe8 21. Qd2 g4 22. Nh4 Rd8 23. Nf5 f6 24. f3 gxf3 25. gxf3 Rxd6 26. Bxd6 Rf7 27. Bg3 Qe6 28. Qf4 Rd7 29. Qg4 Qe8 30. Bf4 Qe1+ 31. Kg2 Qe2+ 32. Kg3 Qe1+ 33. Kh3 Qf1+ 34. Kh4 Qf2+ 35. Bg3 Qd2 36. Bf4 Qxd3 37. Bh6 Rd4 38. f4 Qxf5 39. Qxg7# 1-0

[Event "POR-chT"]
[Site "Porto"]
[Date "2016.08.15"]
[Round "2.7"]
[White "Sousa, Nuno Miguel Vale"]
[Black "Sousa, Andre Ventura"]
[Result "1-0"]
[WhiteElo "1979"]
[BlackElo "2411"]
[PlyCount "117"]
[EventDate "2016.08.14"]
[EventType "team-tourn"]
[EventRounds "9"]
[EventCountry "POR"]
[SourceTitle "CBM 173 Extra"]
[Source "ChessBase"]
[SourceDate "2016.08.29"]
[SourceVersion "1"]
[SourceVersionDate "2016.08.29"]
[SourceQuality "1"]
[WhiteTeam "GX 113"]
[BlackTeam "Dias Ferreira"]
[WhiteTeamCountry "POR"]
[BlackTeamCountry "POR"]

1. e4 e5 2. d4 exd4 3. Nf3 Bc5 4. c3 Nf6 5. e5 Ne4 6. Bd3 d5 7. exd6 Nxd6 8. 0-0 0-0 9. Nxd4 Bxd4 10. cxd4 Bf5 11. Nc3 Nd7 12. Bf4 Bxd3 13. Qxd3 Nb6 14. Rac1 c6 15. Rfd1 Ndc4 16. Qc2 Qf6 17. Bg3 Rfe8 18. Ne4 Qe7 19. Nc5 Rad8 20. h4 Nd6 21. a4 Nd5 22. Kh2 Qf6 23. Re1 Rxe1 24. Rxe1 b6 25. Ne4 Nxe4 26. Qxe4 h6 27. h5 Qg5 28. Qh4 Nf6 29. Qxg5 hxg5 30. Re7 Rd7 31. Rxd7 Nxd7 32. Kh3 f5 33. Bc7 g4+ 34. Kh4 Nf8 35. Bb8 a6 36. Ba7 Ne6 37. Bxb6 Kf7 38. b4 Ke7 39. Kg3 Kd6 40. f3 gxf3 41. Kxf3 Kd5 42. g4 fxg4+ 43. Kxg4 Ke4 44. Bc5 Nf4 45. Bd6 Ne6 46. Be5 Nxd4 47. Bxd4 Kxd4 48. Kg5 Kc4 49. Kg6 Kxb4 50. Kxg7 c5 51. h6 c4 52. h7 Kxa4 53. h8Q Kb3 54. Qh1 Kb2 55. Qg2+ Kb3 56. Qb7+ Kc2 57. Qxa6 c3 58. Kf6 Kb2 59. Qb6+ 1-0

[Event "Madeira AEJ op 11th"]
[Site "Sao Joao da Madeira"]
[Date "2014.10.12"]
[Round "7"]
[White "Costa, Rui Filipe Magalhae"]
[Black "Sousa, Nuno Miguel Vale"]
[Result "1-0"]
[WhiteElo "1991"]
[BlackElo "2002"]
[PlyCount "95"]
[EventDate "2014.10.04"]
[EventType "swiss"]
[EventRounds "7"]
[EventCountry "POR"]
[SourceTitle "EXT 2018"]
[Source "ChessBase"]
[SourceDate "2017.10.13"]
[SourceVersion "1"]
[SourceVersionDate "2017.10.13"]
[SourceQuality "1"]

1. d4 Nf6 2. g3 c5 3. c3 Qc7 4. Bg2 d6 5. Nf3 Nbd7 6. 0-0 Rb8 7. Re1 b5 8. e4 e5 9. d5 g6 10. Bg5 h6 11. Bd2 c4 12. b4 Nb6 13. Nh4 g5 14. Qf3 Be7 15. Nf5 g4 16. Qe2 Bxf5 17. exf5 h5 18. f3 gxf3 19. Bxf3 Qd7 20. Na3 Na4 21. Nc2 Qxf5 22. Nd4 Qg6 23. Nc6 Rb6 24. Nxe5 dxe5 25. Qxe5 0-0 26. Qxe7 Ng4 27. Bxg4 Qxg4 28. d6 h4 29. Re4 Qg6 30. Qxh4 f5 31. Rd4 Rxd6 32. Re1 Rxd4 33. Qxd4 Qb6 34. Be3 Qxd4 35. Bxd4 f4 36. g4 Rf7 37. Re5 f3 38. Re8+ Kh7 39. h4 Rf4 40. g5 Kg6 41. Re6+ Kh5 42. Be3 Rf8 43. Rf6 Rxf6 44. gxf6 Kg6 45. Bd4 Nb6 46. h5+ Kf7 47. h6 Nd7 48. h7 1-0

[Event "Madeira AEJ op 11th"]
[Site "Sao Joao da Madeira"]
[Date "2014.10.06"]
[Round "4"]
[White "Sousa, Nuno Miguel Vale"]
[Black "Ribeiro, Bruno Rafael Leite"]
[Result "1-0"]
[WhiteElo "2002"]
[BlackElo "1732"]
[PlyCount "47"]
[EventDate "2014.10.04"]
[EventType "swiss"]
[EventRounds "7"]
[EventCountry "POR"]
[SourceTitle "EXT 2018"]
[Source "ChessBase"]
[SourceDate "2017.10.13"]
[SourceVersion "1"]
[SourceVersionDate "2017.10.13"]
[SourceQuality "1"]

1. e4 e5 2. Nf3 Nf6 3. d4 Nxe4 4. dxe5 Bc5 5. Bc4 d5 6. Qxd5 Qxd5 7. Bxd5 Nxf2 8. Rf1 c6 9. Bb3 Ne4 10. Nbd2 Nxd2 11. Bxd2 h6 12. 0-0-0 0-0 13. Bc3 Na6 14. Nd4 Nc7 15. Nf5 Be6 16. Bd4 Bxd4 17. Rxd4 Nb5 18. Rg4 g6 19. Bxe6 fxe6 20. Rxg6+ Kh8 21. Rxh6+ Kg8 22. Rxe6 Nd4 23. Rg6+ Kh8 24. Ne3 1-0

[Event "POR-chT"]
[Site "Porto"]
[Date "2013.08.25"]
[Round "9.4"]
[White "Vasques, Antonio Pedro Freix"]
[Black "Sousa, Nuno Miguel Vale"]
[Result "0-1"]
[WhiteElo "2183"]
[BlackElo "1960"]
[PlyCount "114"]
[EventDate "2013.08.18"]
[EventType "team-tourn"]
[EventRounds "9"]
[EventCountry "POR"]
[SourceTitle "CBM 156 Extra"]
[Source "ChessBase"]
[SourceDate "2013.10.22"]
[SourceVersion "1"]
[SourceVersionDate "2013.10.22"]
[SourceQuality "1"]
[WhiteTeam "Diana"]
[BlackTeam "Ferroviarios do Barreiro"]
[WhiteTeamCountry "POR"]
[BlackTeamCountry "POR"]

1. e4 c5 2. Nf3 g6 3. d4 cxd4 4. Nxd4 Nc6 5. Nc3 Nf6 6. Nb3 Bg7 7. Be2 d5 8. exd5 Nb4 9. Bf3 e6 10. dxe6 Qxd1+ 11. Kxd1 Bxe6 12. a3 0-0-0+ 13. Bd2 Nxc2 14. Kxc2 Bxb3+ 15. Kxb3 Rxd2 16. Rhe1 Nd7 17. Rac1 Nc5+ 18. Ka2 Rhd8 19. Re2 Nd3 20. Rc2 Rxc2 21. Rxc2 Ne1 22. Rc1 Nxf3 23. gxf3 Rd3 24. Nb5+ Kd8 25. Rc7 Rd2 26. Rxf7 Rxb2+ 27. Ka1 Be5 28. f4 Rxf2+ 29. Kb1 Rxf4 30. Rxb7 a6 31. Na7 Rc4 32. Rxh7 Rc7 33. Rh6 Rxa7 34. h4 Bg3 35. Kc2 Kc8 36. Kd3 Rd7+ 37. Ke4 Rd6 38. Kf3 Bh2 39. Kg2 Be5 40. Rh7 Bf6 41. Rh6 Be7 42. Kf3 Rd3+ 43. Kg4 Rxa3 44. Rxg6 Ra4+ 45. Kf5 Bxh4 46. Rg7 Bd8 47. Ke6 a5 48. Kd6 Rb4 49. Kc6 Rb6+ 50. Kc5 Bc7 51. Rf7 Kb7 52. Rh7 a4 53. Rh4 a3 54. Ra4 Bd6+ 55. Kd5 Ra6 56. Rxa6 Kxa6 57. Kxd6 a2 0-1

[Event "POR Honra"]
[Site "Vila Nova de Gaia"]
[Date "2011.06.09"]
[Round "5"]
[White "Aguiar, Henrique Rui Neves"]
[Black "Sousa, Nuno Miguel Vale"]
[Result "1-0"]
[WhiteElo "1897"]
[BlackElo "1983"]
[PlyCount "39"]
[EventDate "2011.06.05"]
[EventType "tourn"]
[EventRounds "9"]
[EventCountry "POR"]
[SourceTitle "CBM 142 Extra"]
[Source "ChessBase"]
[SourceDate "2011.06.27"]
[SourceVersion "1"]
[SourceVersionDate "2011.06.27"]
[SourceQuality "1"]

1. e4 c5 2. Nf3 g6 3. d4 cxd4 4. Qxd4 Nf6 5. e5 Nc6 6. Qa4 Nd5 7. Qe4 Ndb4 8. Bb5 Qa5 9. Nc3 Bg7 10. 0-0 0-0 11. a3 Na6 12. Bg5 Qd8 13. Nd5 Nc5 14. Qe3 Ne6 15. Bh4 Re8 16. Rad1 a6 17. Nb6 Bh6 18. Qxh6 Qxb6 19. Bc4 Ncd4 20. Rxd4 1-0

[Event "POR Cup"]
[Site "Matosinhos"]
[Date "2011.05.29"]
[Round "2.4"]
[White "Vassallo Barroche, Mauricio"]
[Black "Sousa, Nuno Miguel Vale"]
[Result "1-0"]
[WhiteElo "2412"]
[BlackElo "1978"]
[PlyCount "37"]
[EventDate "2011.05.28"]
[EventType "team-k.o."]
[EventRounds "2"]
[EventCountry "POR"]
[SourceTitle "CBM 142 Extra"]
[Source "ChessBase"]
[SourceDate "2011.06.27"]
[SourceVersion "1"]
[SourceVersionDate "2011.06.27"]
[SourceQuality "1"]
[WhiteTeam "Vale de Cambra"]
[BlackTeam "Porto Moto"]
[WhiteTeamCountry "POR"]
[BlackTeamCountry "POR"]

1. d4 Nf6 2. Nf3 e6 3. c4 c5 4. g3 cxd4 5. Nxd4 Nc6 6. Bg2 Qb6 7. Nb5 d5 8. 0-0 a6 9. cxd5 axb5 10. dxc6 bxc6 11. Be3 Qc7 12. Nc3 Rb8 13. Rc1 Bd7 14. Qd3 Bd6 15. Rfd1 Ke7 16. Ne4 Nxe4 17. Qxe4 f5 18. Qh4+ Kf7 19. Qd4 1-0

[Event "POR Cup"]
[Site "Matosinhos"]
[Date "2011.05.28"]
[Round "1.3"]
[White "Pintor, Ariana Maciel Abran"]
[Black "Sousa, Nuno Miguel Vale"]
[Result "1/2-1/2"]
[WhiteElo "2119"]
[BlackElo "1978"]
[PlyCount "43"]
[EventDate "2011.05.28"]
[EventType "team-k.o."]
[EventRounds "2"]
[EventCountry "POR"]
[SourceTitle "CBM 142 Extra"]
[Source "ChessBase"]
[SourceDate "2011.06.27"]
[SourceVersion "1"]
[SourceVersionDate "2011.06.27"]
[SourceQuality "1"]
[WhiteTeam "Porto GX"]
[BlackTeam "Porto Moto"]
[WhiteTeamCountry "POR"]
[BlackTeamCountry "POR"]

1. e4 c5 2. Nf3 g6 3. d4 cxd4 4. Nxd4 Nc6 5. Ne2 Bg7 6. g3 d5 7. Nbc3 d4 8. Nd5 Nf6 9. Nxf6+ exf6 10. Bg2 0-0 11. 0-0 f5 12. Nf4 Re8 13. Re1 g5 14. Nd3 Qf6 15. Qh5 h6 16. Bd2 fxe4 17. Bxe4 Bf5 18. Bxf5 Qxf5 19. h4 Qh3 20. g4 Ne5 21. Nxe5 Bxe5 22. f4 1/2-1/2

[Event "Porto-ch qual"]
[Site "Porto"]
[Date "2002.05.24"]
[Round "6.2"]
[White "Pinheiro, Albano Guise"]
[Black "Sousa, Nuno Miguel Vale"]
[Result "1/2-1/2"]
[WhiteElo "2099"]
[BlackElo "2090"]
[PlyCount "37"]
[EventDate "2002.05.??"]
[EventType "swiss"]
[EventRounds "9"]
[EventCountry "POR"]
[SourceTitle "EXT 2003"]
[Source "ChessBase"]
[SourceDate "2002.11.25"]
[SourceVersion "1"]
[SourceVersionDate "2002.11.25"]
[SourceQuality "1"]

1. e4 c5 2. Nf3 Nc6 3. d4 cxd4 4. Nxd4 Nf6 5. Nc3 d6 6. Be3 e5 7. Nb3 Be6 8. Be2 d5 9. exd5 Nxd5 10. Nxd5 Qxd5 11. 0-0 0-0-0 12. Qxd5 Bxd5 13. c4 Be4 14. Rfd1 Be7 15. Nc5 Bc2 16. Rxd8+ Rxd8 17. Rc1 Bxc5 18. Bxc5 Bd3 19. Kf1 1/2-1/2

[Event "POR-ch University"]
[Site "Guimaraes"]
[Date "2002.05.07"]
[Round "4.8"]
[White "Sousa, Nuno Miguel Vale"]
[Black "Afonso, Romeu"]
[Result "1-0"]
[WhiteElo "1568"]
[BlackElo "1792"]
[PlyCount "127"]
[EventDate "2002.05.06"]
[EventType "swiss"]
[EventRounds "11"]
[EventCountry "POR"]
[SourceTitle "CBM 088 Extra"]
[Source "ChessBase"]
[SourceDate "2002.07.01"]
[SourceVersion "2"]
[SourceVersionDate "2002.07.01"]
[SourceQuality "1"]

1. e4 e6 2. d4 d5 3. e5 c5 4. Nc3 cxd4 5. Qxd4 Nc6 6. Bb5 Bd7 7. Bxc6 Bxc6 8. f4 Qh4+ 9. g3 Qd8 10. Bd2 Bc5 11. Qxc5 d4 12. Nb5 a6 13. Nd6+ Kd7 14. Nxf7 Qc7 15. Nxh8 Bxh1 16. Qxc7+ Kxc7 17. Nf7 h6 18. 0-0-0 Rc8 19. Ne2 Bf3 20. Re1 Kb8 21. Nxd4 Bh5 22. Nd6 Rd8 23. Re3 Ne7 24. Rb3 b5 25. c4 Rd7 26. cxb5 Rc7+ 27. Bc3 a5 28. b6 Rc5 29. Rb5 Rxb5 30. N4xb5 Nd5 31. Bxa5 Bf3 32. Bc3 Nxb6 33. Bd4 Nd5 34. Nc3 Nb4 35. f5 exf5 36. Nxf5 Bg4 37. Nxg7 Nd3+ 38. Kd2 Nxb2 39. e6 Nc4+ 40. Kd3 Nb2+ 41. Ke3 Nc4+ 42. Kf4 Bh3 43. e7 Bd7 44. Be5+ Kc8 45. Nd5 Bc6 46. Nc7 Nxe5 47. Kxe5 Kxc7 48. h4 Ba4 49. Nf5 h5 50. Ng7 Bb5 51. Nxh5 Be8 52. Ng7 Kd7 53. Kf6 Bh5 54. Nxh5 Ke8 55. Ng7+ Kd7 56. e8Q+ Kd6 57. Qe5+ Kd7 58. Qe6+ Kd8 59. Qd6+ Kc8 60. Ne8 Kb7 61. Qc5 Kb8 62. Nd6 Ka8 63. Qc8+ Ka7 64. Qb7# 1-0

[Event "POR-ch University"]
[Site "Guimaraes"]
[Date "2002.05.06"]
[Round "1.8"]
[White "Sousa, Nuno Miguel Vale"]
[Black "Antunes, Andre Serigado Mira"]
[Result "0-1"]
[WhiteElo "1568"]
[BlackElo "1841"]
[PlyCount "58"]
[EventDate "2002.05.06"]
[EventType "swiss"]
[EventRounds "11"]
[EventCountry "POR"]
[SourceTitle "CBM 088 Extra"]
[Source "ChessBase"]
[SourceDate "2002.07.01"]
[SourceVersion "2"]
[SourceVersionDate "2002.07.01"]
[SourceQuality "1"]

1. e4 e6 2. c4 d5 3. Nc3 d4 4. Nb1 e5 5. d3 c5 6. g3 Nc6 7. Bg2 Nf6 8. Bg5 h6 9. Bxf6 Qxf6 10. Qf3 Qg5 11. Ne2 Bg4 12. h4 Bxf3 13. hxg5 Bxg2 14. Rh2 Bf3 15. Ng1 Bg4 16. Rh4 Bd7 17. Na3 a6 18. 0-0-0 Be7 19. f4 0-0-0 20. Nf3 hxg5 21. Rxh8 Rxh8 22. fxe5 Bg4 23. Rf1 Bxf3 24. Rxf3 Nxe5 25. Rf5 Nxd3+ 26. Kd2 Nxb2 27. Rxf7 Rh2+ 28. Kc1 d3 29. Nb1 Rc2# 0-1